North Dakota State Parks - Statistics

General Stats
  • This quiz has been taken 2 times
  • The average score is 5 of 13
Answer Stats
Answer % Correct
Cross Ranch State Park
100%
Icelandic State Park
100%
Turtle River State Park
100%
Fort Ransom State Park
50%
Grahams Island State Park
50%
Lake Metigoshe State Park
50%
Lewis and Clark State Park
50%
Beaver Lake State Park
0%
Fort Abraham Lincoln State Park
0%
Fort Stevenson State Park
0%
Lake Sakakawea State Park
0%
Little Missouri State Park
0%
Rough Rider State Park
0%
No matching quizzes found
Score Distribution
Percent of People with Each Score
Percentile by Number Answered
Your Score History
You have not taken this quiz